Al-Ghazzali's natural philosophy /
Saved in:
| Main Author: | |
|---|---|
| Format: | Thesis |
| Language: | English |
| Published: |
Kuala Lumpur :
International Institute of Islamic Thought and Civilization (ISTAC),
1996
|
| Subjects: | |
| Online Access: | Click here to view 1st 24 pages of the thesis. Members can view fulltext at the specified PCs in the library. |
| Tags: |
Add Tag
No Tags, Be the first to tag this record!
|
| LEADER | 020290000a22003850004500 | ||
|---|---|---|---|
| 001 | 316862 | ||
| 005 | 20230420130544.0 | ||
| 008 | 050318s1996 my g b 000 0 eng d | ||
| 035 | |a (Sirsi) 316862 | ||
| 040 | |a UIAM |b eng | ||
| 041 | 0 | |a eng | |
| 050 | |a Q173 | ||
| 100 | 1 | |a Nanic, Senad |9 121165 | |
| 245 | 1 | 3 | |a Al-Ghazzali's natural philosophy / |c by Senad Nanic |
| 260 | |a Kuala Lumpur : |b International Institute of Islamic Thought and Civilization (ISTAC), |c 1996 | ||
| 300 | |a 107 lvs. ; |c 31 cm. | ||
| 336 | |2 rdacontent | ||
| 337 | |2 rdamedia | ||
| 338 | |2 rdacarrier | ||
| 500 | |a "This thesis is submitted in partial fulfillment of the the Master's degree requirements at the International Institute of Islamic Thought and Civilization (ISTAC)" -- On t.p. | ||
| 502 | |a Thesis (Master)--International Islamic University Malaysia, International Institute of Islamic Thought and Civilization, 1996. | ||
| 504 | |a Includes bibliographical references (lv. 104-107). | ||
| 600 | 1 | 0 | |a Ghazzali, |d 1058-1111 |x Views on Islam and philosophy |9 31983 |
| 650 | 0 | |a Cosmology |9 106886 | |
| 650 | 0 | |a Astronomy |x Philosophy |9 6848 | |
| 650 | 0 | |a Science |x Philosophy | |
| 655 | 0 | 7 | |a Theses, IIUM local |
| 690 | 0 | |a Dissertations, Academic |x International Institute of Islamic Thought and Civilization |z IIUM | |
| 710 | 2 | |a International Islamic University Malaysia. |b International Institute of Islamic Thought and Civilization | |
| 856 | 4 | |u https://lib.iium.edu.my/mom/services/mom/document/getFile/Vb09AGvwNhw8NcwT47pr3os1Q2kY2mHQ20090625163150703 |z Click here to view 1st 24 pages of the thesis. Members can view fulltext at the specified PCs in the library. | |
| 900 | |a nznm-za | ||
| 942 | |2 lcc |n 0 | ||
| 999 | |c 431991 |d 464353 | ||
| 952 | |0 0 |6 T Q 000173 N179G 1996 |7 0 |8 THESES |9 751801 |a SMNAL |b SMNAL |c CLOSEACCES |g 0.00 |o t Q173N179G 1996 |p 00000929900 |r 1900-01-02 |t 1 |v 0.00 |y THESIS | ||
| 952 | |0 0 |6 TS CDF Q173N179G 1996 |7 0 |8 THESES |9 819614 |a IIUM |b IIUM |c MULTIMEDIA |g 0.00 |o ts cdf Q173N179G 1996 |p 11100326619 |r 2017-10-26 |t 1 |v 0.00 |y THESISDIG | ||
